Maternal and child-health services under the Social security act, title V, Part 1; (Record no. 36381)

MARC details
000 -LEADER
fixed length control field 01049cam a22002771 4500
001 - CONTROL NUMBER
control field l 42000091
003 - CONTROL NUMBER IDENTIFIER
control field DLC
005 - DATE AND TIME OF LATEST TRANSACTION
control field 20260227111538.0
008 - FIXED-LENGTH DATA ELEMENTS--GENERAL INFORMATION
fixed length control field 841204s1941 dcua f000 0 eng c
010 ## - LIBRARY OF CONGRESS CONTROL NUMBER
LC control number l 42000091
035 ## - SYSTEM CONTROL NUMBER
System control number (OCoLC)11450976
040 ## - CATALOGING SOURCE
Original cataloging agency U.S. Dept. of labor. Libr.
Transcribing agency NAlA-M
Modifying agency DLC
042 ## - AUTHENTICATION CODE
Authentication code premarc
050 00 - LIBRARY OF CONGRESS CALL NUMBER
Classification number RA609
Item number .U6 1939
082 ## - DEWEY DECIMAL CLASSIFICATION NUMBER
Classification number 362.70973
110 1# - MAIN ENTRY--CORPORATE NAME
Corporate name or jurisdiction name as entry element United States.
Subordinate unit Children's Bureau.
245 10 - TITLE STATEMENT
Title Maternal and child-health services under the Social security act, title V, Part 1;
Remainder of title development of program, 1936-39 ...
260 ## - PUBLICATION, DISTRIBUTION, ETC.
Place of publication, distribution, etc. [Washington,
Name of publisher, distributor, etc. U.S. Govt. Print. Off.,
Date of publication, distribution, etc. 1941]
300 ## - PHYSICAL DESCRIPTION
Extent vi, 109 p. incl. tables, diagrs.
Dimensions 23 cm.
490 1# - SERIES STATEMENT
Series statement Its Bureau publication,
Volume/sequential designation no. 259
500 ## - GENERAL NOTE
General note At head of title: United States Dept. of labor, Frances Perkins, secretary. Children's bureau, Katharine F. Lenroot, chief.
650 #0 - SUBJECT ADDED ENTRY--TOPICAL TERM
Topical term or geographic name entry element Child care.
650 #0 - SUBJECT ADDED ENTRY--TOPICAL TERM
Topical term or geographic name entry element Mothers.
650 #0 - SUBJECT ADDED ENTRY--TOPICAL TERM
Topical term or geographic name entry element Infants
General subdivision Care and hygiene.
810 1# - SERIES ADDED ENTRY--CORPORATE NAME
Corporate name or jurisdiction name as entry element United States.
Subordinate unit Children's Bureau.
Title of a work Bureau publication,
Volume/sequential designation no. 259.

No items available.

Powered by Koha